قصة مدينة اللد / (رقم التسجيلة. 23992)

تفاصيل مارك
000 -LEADER
fixed length control field 00665nam a22001817a 4500
005 - DATE AND TIME OF LATEST TRANSACTION
control field 20251108165259.0
008 - FIXED-LENGTH DATA ELEMENTS--GENERAL INFORMATION
fixed length control field 250721s9999 xx 000 0 ara d
082 14 - DEWEY DECIMAL CLASSIFICATION NUMBER
Classification number 956.463/ليل
100 1# - MAIN ENTRY--PERSONAL NAME
Personal name أبو ليل، عبد الرزاق
245 10 - TITLE STATEMENT
Title قصة مدينة اللد /
264 1# - PRODUCTION, PUBLICATION, DISTRIBUTION, MANUFACTURE, AND COPYRIGHT NOTICE
Place of production, publication, distribution, manufacture تونس :
Name of producer, publisher, distributor, manufacturer المنظمه العربيه للتربيه و الثقافه العلوم - دائرة الثقافه بمنظمة التحرري الفلسطينيه،
Date of production, publication, distribution, manufacture, or copyright notice [19-].
300 ## - PHYSICAL DESCRIPTION
Extent 66ص : مص
490 0# - SERIES STATEMENT
Series statement المدن الفلسطينيه ؛13
650 17 - SUBJECT ADDED ENTRY--TOPICAL TERM
Topical term or geographic name as entry element تاريخ فلسطين
650 17 - SUBJECT ADDED ENTRY--TOPICAL TERM
Topical term or geographic name as entry element اللد ( مدينه )
942 ## - ADDED ENTRY ELEMENTS (KOHA)
Source of classification or shelving scheme Dewey Decimal Classification
Koha item type كتب
المقتنيات
حالة السحب حالة الفقدان مصدر التصنيف حالة التلف غير قابل للإعارة المكتبة الرئيسية المكتبة الحالية موقع الرف تاريخ التزويد الرقم المتسلسل Total Checkouts رقم الإستدعاء الباركود تاريخ آخر ظهور تاريخ الفاتورة نوع المادة (كوها)
    Dewey Decimal Classification     المكتبة المركزية المكتبة المركزية الإعارة 06/07/2004 137809   956.463/ليل 137809 28/07/2025 06/07/2004 كتب
Implemented & Customized by: BBB with SCIT (Smart Chains for Information Technology)

Powered by Koha